Statistics for The Secret Garden Franchise

Click here to take the quiz!

General Stats

  • This quiz has been taken 7 times
  • The average score is 9 of 11

Answer Stats

TypeYearNameInfo% Correct
Novel1911The Secret GardenFrances Hodgson Burnett
100%
Film1919The Secret GardenParamount
100%
Film1949The Secret GardenLoew's Inc.
100%
TV Show1975The Secret GardenBBC 1
100%
TV Film1987The Secret GardenCBS
100%
Musical1989The Secret GardenLucy Simon
100%
Film1993The Secret GardenWarner Bros.
100%
Opera2013The Secret GardenNolan Gasser
100%
Film2020The Secret GardenSTXfilms / StudioCanal
100%
TV Film2001Back to the Secret GardenHallmark Channel
20%
Anime Series1991-1992Anime Himitsu no HanazonoNHK
0%

Score Distribution

Percentile by Number Answered

Percent of People with Each Score

Your Score History

You have not taken this quiz